Nuovo dizionario di sessuologia.

में बचाया:
ग्रंथसूची विवरण
स्वरूप: पुस्तक
भाषा:इतालवी
प्रकाशित: Milano : Longanesi, 1970
टैग: टैग जोड़ें
कोई टैग नहीं, इस रिकॉर्ड को टैग करने वाले पहले व्यक्ति बनें!

MARC

LEADER 00000nam a22000007ic4500
001 IT\ICCU\UBO\1547374
003 ItRI
005 20260115232304.0
008 020116s1970 it |||||| ||||| |||||c
040 |b ita  |c importazione bologna sebina 
041 7 |a ita  |2 ISO-639-2 
245 0 0 |a Nuovo dizionario di sessuologia. 
260 |a Milano :  |b Longanesi,  |c 1970 
300 |a P. 681-1370 :  |b ill. ;  |c 23 cm. 
773 0 |w IT\ICCU\CFI\0464001  |t Nuovo dizionario di sessuologia  |g 2 
942 |2 ddc  |c BK  |n 0 
952 |0 0  |1 0  |4 0  |6 DOC_155_340000000000000_NUO  |7 0  |9 23626  |a BO  |b BO  |d 2026-01-15  |i 1257  |l 0  |o DOC 155.34 NUO  |p BO1257  |r 2026-01-15 23:23:04  |w 2026-01-15  |x [Sebina 5] [v. 1-2]  |y BK  |z v. 2 
999 |c 20120  |d 20120